Southville International School and Colleges
Your cart is empty.
  • Cart
  • Lists
    Public lists Eva Luna New books Lux_list list_1
    Your lists Log in to create your own lists
  • Log in to your account
  • Your cookies
  • Search history
Southville International School and Colleges
  • Advanced search
  • Recent comments
  • Most popular
  • Libraries

Log in to your account

Log in with GOOGLE


If you do not have an external account, but do have a local account, you can still log in:

  1. Home
  2. MARC view: Chemistry : the molecular nature of matter and change
Normal view MARC view ISBD view

Chemistry : the molecular nature of matter and change (Record no. 2164)

[ view plain ]
MARC details
000 -LEADER
fixed length control field 00582nam a22002057a 4500
003 - CONTROL NUMBER IDENTIFIER
control field OSt
005 - DATE AND TIME OF LATEST TRANSACTION
control field 20151216103344.0
008 - FIXED-LENGTH DATA ELEMENTS--GENERAL INFORMATION
fixed length control field 130307t xxu||||| |||| 00| 0 eng d
020 ## - INTERNATIONAL STANDARD BOOK NUMBER
International Standard Book Number 9780073101699
050 ## - LIBRARY OF CONGRESS CALL NUMBER
Classification number QD 33.2
Item number .Si582 2006
082 ## - DEWEY DECIMAL CLASSIFICATION NUMBER
Classification number IB 540
Item number Si3 2006
100 ## - MAIN ENTRY--PERSONAL NAME
Personal name Silberberg, Martin S.
245 ## - TITLE STATEMENT
Title Chemistry : the molecular nature of matter and change
Statement of responsibility, etc Martin S. Silberberg.
250 ## - EDITION STATEMENT
Edition statement 4th ed.
260 ## - PUBLICATION, DISTRIBUTION, ETC. (IMPRINT)
Place of publication, distribution, etc Boston :
Name of publisher, distributor, etc McGraw-Hill,
Date of publication, distribution, etc c2006.
300 ## - PHYSICAL DESCRIPTION
Dimensions 28 cm.
Extent 1083 pages.,
Other physical details col.,ill.
562 ## - COPY AND VERSION IDENTIFICATION NOTE
Number of copies 1
942 ## - ADDED ENTRY ELEMENTS (KOHA)
Source of classification or shelving scheme Library of Congress Classification
Koha item type Books
Edition 4th ed.
Holdings
Withdrawn status Lost status Source of classification or shelving scheme Damaged status Home library Current library Shelving location Date acquired Total Checkouts Full call number Barcode Date last seen Copy number Price effective from Koha item type
    Library of Congress Classification   Luxembourg Library Luxembourg Library International Baccalaureate Section 03/07/2013   QD 33.2 .Si582 2006 14412 08/13/2013 1 03/07/2013 Books

Chemistry : the molecular nature of matter and change

APA

Silberberg M. S., . (2006). Chemistry : the molecular nature of matter and change. Boston: McGraw-Hill.

Chicago

Silberberg Martin S, . 2006. Chemistry : the molecular nature of matter and change. Boston: McGraw-Hill.

Harvard

Silberberg M. S., . (2006). Chemistry : the molecular nature of matter and change. Boston: McGraw-Hill.

MLA

Silberberg Martin S, . Chemistry : the molecular nature of matter and change. Boston: McGraw-Hill. 2006.

  • Place hold
  • Print
  • Cite
  • Add to your cart (remove)
  • Save record
    BIBTEX Dublin Core MARCXML MARC (non-Unicode/MARC-8) MARC (Unicode/UTF-8) MARC (Unicode/UTF-8, Standard) MODS (XML) RIS
  • More searches
    Search for this title in:
    Other Libraries (WorldCat) Other Databases (Google Scholar) Online Stores (Bookfinder.com) Open Library (openlibrary.org)

Exporting to Dublin Core...

SOUTHVILLE LIBRARY

Southville International School and Colleges Library

1281 Tropical Ave. Cor. Luxembourg St., BF Homes International, Las Pinas City

Tel. No. 8256374 / 252358 Loc. 117/146

Powered by Koha